All Mario Golf Games - Statistics

General Stats
  • This quiz has been taken 11 times
  • The average score is 4 of 6
Answer Stats
Hint Answer % Correct
1999 Mario Golf (GBC)
100%
1999 Mario Golf (N64)
100%
2003 Mario Golf: Toadstool Tour
71%
2021 Mario Golf: Super Rush
57%
2014 Mario Golf: World Tour
43%
2004 Mario Golf: Advance Tour
29%
No matching quizzes found
Score Distribution
Percent of People with Each Score
Percentile by Number Answered
Your Score History
You have not taken this quiz